Expressions françaises en émojis - Statistiques

Statistiques générales
  • Ce quiz a été pris 141 fois
  • Le résultat moyen est 5 sur 28
Statistiques - réponses
Hint Réponse % Correct
🐱👅❌ Donner sa langue au chat
89%
🐺🍽️ Avoir une faim de loup
65%
🐘🧠 Avoir une mémoire d'éléphant
57%
🐟🔴🧠 Avoir une mémoire de poisson rouge
46%
👁️👁️🫄 Avoir les yeux plus gros que le ventre
44%
🐱❌🐭💃 Quand le chat n'est pas là, les souris dansent
43%
🐟🌊 Comme un poisson dans l'eau
36%
🐍🐍👅 Langue de vipère
29%
🐔❄️ Avoir la chair de poule
26%
🐟💧🔇 Muet comme une carpe
26%
😺🤒🔇 Avoir un chat dans la gorge
23%
🙃☁️☝️ Avoir la tête dans les nuages
18%
🧈🖐️🥬 Mettre du beurre dans les épinards
9%
🐟🌊🐟 Noyer le poisson
7%
🪨👊👊 Faire d'une pierre deux coups
6%
🐴🪑 Monter sur ses grands chevaux
5%
🐘🏪 Comme un éléphant dans un magasin de porcelaine
4%
🎩🐓💪 Être fier comme un coq
4%
🐓🌅 Se lever avec les poules
2%
👃🌸 Avoir du flair
1%
🐦🕊️💨 Libre comme l'air
1%
🐴🎁🦷❌ A cheval donné, on ne garde pas les dents
0%
👂🔇 Avoir une oreille de sourd
0%
🐝💼 Être occupé comme une abeille
0%
🐺🐑 Loup déguisé en agneau
0%
🧂👁️👁️ Mettre du sel dans les yeux
0%
😭💧🙍‍♂️ Pleuré toutes les larmes de son corps
0%
🐍🔫 Tuer le ver
0%
Aucun quiz correspondant
Distribution des résultats
% des personnes avec chaque résultat
Percentile par nombre de réponses
Votre historique - résultats
Vous n’avez pas pris ce quiz